Child workers of the Americas /

Đã lưu trong:
Chi tiết về thư mục
Tác giả chính: Green, Duncan
Định dạng: Texto
Những chủ đề:
Các nhãn: Thêm thẻ
Không có thẻ, Là người đầu tiên thẻ bản ghi này!

MARC

LEADER 00000 a a2200000 04500
001 9924
003
040
100 |a Green, Duncan  
245 |a Child workers of the Americas /  |c Duncan Green 
650 |a EMPLEO  
650 |a NIÑOS  
650 |a TRABAJO DE MENORES  
650 |a UNICEF  
650 |a SECTOR INFORMAL  
650 |a CALIDAD DE LA VIDA  
650 |2 Macrothesaurus de la OCDE  
650 |a MERCADO DE TRABAJO  
650 |a POBREZA  
773 |g volumen 32, número 4; páginas 21-27  
999 |c 29379  |d 29379